| 000 | 00387nam a22001217a 4500 | ||
|---|---|---|---|
| 082 | _a220 PRO | ||
| 100 |
_aUMAIR, ADIL, _972013 |
||
| 245 | _aPR-SOF-1262-DESIGN AND FABRICATION OF WOOD GASIFICATION PLANT THAT RUNS A 15 KVA STATIC LOAD GENERATOR | ||
| 260 |
_aISLAMABAD _bNUST COLLEGE OF EME _c2013 |
||
| 650 |
_aDE-MECH-31 _972014 |
||
| 700 | _aSUPERVISOR DR AAMER A BAQAI | ||
| 942 | _cCR | ||
| 999 |
_c578236 _d578236 |
||